000 00533nam a22001937a 4500
005 20100811145031.0
010 _aENG-99545
020 _a9789380032467
_c250.00
035 _aEN-83077
037 _bDBAD/PUB
082 _aN
100 _aDavid, Esther
_911106
245 _aThe walled city /
_cby Esther David
260 _aNew Delhi
_bWestlend
_c2009
270 _aF-5, Okhla Industrial Area, Phase-1, Mezzanine Floor
_bNew Delhi
_e110020
300 _axi,200p.
_c20cm (pbk)
650 _aNovel
_9904
942 _2ddc
_cEN
_hN
_mDAV
999 _c41045
_d41045